Dizionario manuale della lingua greca compilato colla scorta delle migliori opere

Gespeichert in:
Bibliographische Detailangaben
1. Verfasser: Müller, Giuseppe.
Format: Buch
Sprache:Italienisch
Erschienen: Torino - Roma - Firenze Loescher 1876
Katalog:EDISCO:  Suchergebnis im Bibliothekskatalog
Schulbuchspezifische Eigenschaften:
Tags: Tag hinzufügen
Keine Tags, Fügen Sie den ersten Tag hinzu!
Hinzugefügt zu:30.04.2016
Geändert in:18.10.2017

MARC

LEADER 00000aam a22000007 4500
001 07497
003 OSt
005 20171018095954.0
008 160501s1876 it 000 0 ita
040 |c Gianfranco Bandini - Firenze - CLIO 
041 1 |a ita 
100 1 |a Müller, Giuseppe. 
245 0 0 |a Dizionario manuale della lingua greca compilato colla scorta delle migliori opere 
260 |a Torino - Roma - Firenze  |b Loescher  |c 1876 
300 |a VI, [2], 1, 1/x ;  
901 |a 7 
942 |2 ddc  |c BK 
546 |a ita 
999 |c 7486  |d 7486 
999 |c edisco:7486  |d 7486